Les 22 dictateurs du 20e siècle - Statistiques

Statistiques générales
  • Ce quiz a été pris 910 fois
  • Le résultat moyen est 12 sur 22
Statistiques - réponses
Pays Période de Règne Dictateur % Correct
Reich Allemand 1933 - 1945 Adolf Hitler
99%
Union Soviétique 1924 - 1953 Joseph Staline
98%
Italie 1922 - 1943 Benito Mussolini
97%
Union Soviétique 1922 - 1924 Vladimir Ilitch Lénine
92%
Espagne 1939 - 1975 Francisco Franco
91%
France / Régime de Vichy 1940 - 1944 Philippe Pétain
79%
Cuba 1976 - 2008 Fidel Castro
68%
République Populaire de Chine 1954 - 1976 Mao Zedong
68%
Irak 1979 - 2003 Saddam Hussein
60%
Chili 1973 - 1990 Augusto Pinochet
56%
Yougoslavie 1953 - 1980 Josip Broz Tito
53%
Libye 1969 - 2011 Mouammar Kadhafi
49%
Cambodge 1963 - 1981 Pol Pot
49%
Corée du Nord 1948 - 1994 Kim Il-sung
47%
Syrie 1971 - 2000 Hafez al-Assad
44%
Zaïre (RDC) 1965 - 1997 Joseph-Désiré Mobutu
38%
Iran 1979 - 1986 Rouhollah Khomeini
26%
Albanie 1941 - 1985 Enver Hoxha
15%
Haïti 1964 - 1971 François Duvalier
14%
Allemagne de l'Est 1976 - 1989 Erich Honecker
10%
Empire du Japon 1941 - 1944 Hideki Tōjō
10%
Paraguay 1954 - 1989 Alfredo Stroessner
6%
Aucun quiz correspondant
Distribution des résultats
% des personnes avec chaque résultat
Percentile par nombre de réponses
Votre historique - résultats
Vous n’avez pas pris ce quiz